| 000 | 02503nam a2200277Ia 4500 | ||
|---|---|---|---|
| 003 | CO-CtgCURN | ||
| 005 | 20260307155235.0 | ||
| 008 | 260224s9999 xx 000 0 und d | ||
| 020 | _a9789917993513 | ||
| 040 |
_aCO-CtgCURN _bspa _ccoctgcurn |
||
| 082 |
_a305.42 _bA398 |
||
| 100 |
_aAliaga Choque, Mirna _eautora |
||
| 245 | 0 |
_aUna mirada al mundo de las mujeres constructoras trabajo y cuidado familiar / _cMirna Aliaga Choque; Consuelo Flores Gonzáles |
|
| 250 | _a1 edición | ||
| 260 |
_aLa Paz, Bolivia : _bUniversidad Mayor de San Andrés, _c2021 |
||
| 300 |
_a119 páginas : _bfotografias, graficas ; _c26 centímetros |
||
| 500 | _aIncluye introducción e índices | ||
| 504 | _aIncluye referencias bibliográficas (p. 109-111) | ||
| 505 | _a1. Rutas metodológicas -- 2. Tendencias del conocimiento mujeres constructoras -- Mujer, trabajo y empleo -- El trabajo de cuidado -- El auto cuidado -- 3. Mujeres constructoras en los macrodistritos Cotahuma y sur -- Macrodistrito cotahuma -- Macrodistrito sur -- Mujeres constructoras en los macrodistritos -- 4. Perfil de mujeres constructoras -- Datos sociodemográficos -- Trabajo en la construcción Formas de capacitación y entrenamiento de las mujeres constructoras -- Demanda de capacitación de las mujeres constructoras -- Nivel de satisfacción sobre el trabajo que realiza -- Participación en organizaciones de mujeres -- 5. Derechos laborales -- Derechos laborales -- Cargo que desempeñan las mujeres constructoras -- Seguro de salud -- riesgos que las mujeres enfrentan en el rubro de la construcción -- Sugerencias para evitar riesgos en el trabajo -- 6. Relaciones en el trabajo -- Relaciones con los compañeros de trabajo -- Aspectos negativos en la relación laboral con los hombres -- Trato que reciben de sus empleadores -- Relaciones con las compañeras de trabajo -- 7. Mujeres albañiles y la economía del cuidado -- Actividades que las mujeres constructoras realizan antes de ir a trabajr -- apoyo que las mujeres constructoras tienen para cuidar a sus hijos -- Actividades por familiares -- Presencia del estado en las tareas de cuidado -- Dificultades en el cuidado familiar -- Mujeres constructoras y el autocuidado -- El falso descanso. | ||
| 521 | _aAREA BASICA | ||
| 590 | _aPrograma de Trabajo Social_26 | ||
| 650 | _aMujeres | ||
| 700 |
_aFlores Gonzáles, Consuelo _eautora |
||
| 942 |
_cBK _h305.42 _iA398 _2ddc |
||
| 999 |
_c50312 _d50312 |
||